000 00302nam a2200133Ia 4500
008 150201s2008 xx 000 0 und d
082 _a610
_bB08K
100 _aKUMAR,JYOTI
245 _aBIOSTATISTICS
250 _a1ST
260 _bAITBS
_aDELHI
_c2008
650 _aCOMMUNITY MEDICINE
942 _2ddc
_cBK
999 _c959
_d959